000
00301nam a2200121Ia 4500
008
240624s9999 xx 000 0 und d
041
_a
eng
082
_a
302.35 KAL
100
_a
KALLIATH THOMAS
245
_a
ORGANIZATIONAL BEHAVIOUR
260
_c
2011
_a
New Delhi
_b
Tata McGraw-Hill
365
_c
RS
_b
33
999
_c
26146
_d
26146